The 6 Major Religions - Statistics

General Stats
  • This quiz has been taken 131 times
  • The average score is 5 of 6
Answer Stats
Religions % Correct
Islam
94%
Christianity
93%
Buddhism
85%
Hinduism
84%
Judaism
76%
Sikhism
33%
No matching quizzes found
Score Distribution
Percent of People with Each Score
Percentile by Number Answered
Your Score History
You have not taken this quiz